000 01157nam a22002777a 4500
001 7554
003 FISKH
005 20250724092242.0
008 250724b cb ||||| |||| 00| 0 eng d
020 _a9781741249248
040 _aFISKH
_beng
_cFISKH
_dFISKH
050 _aPZ7
082 _a153.4
100 _aAnonymous
245 _aGarfiel :
_cIt's all about think skill /
250 _aThis edition published in 2006.
260 _aAtlanta :
_bBest Practice Network,
_c2005
300 _a32 pages :
_bcolor illustrations ;
_c28 cm
505 _aE
520 _aGarfield: It’s All About Thinking Skills is an early learning resource that uses the fun and familiar character Garfield to help preschool and kindergarten-aged children build critical thinking, logical reasoning, problem-solving, and early literacy skills. Activities include games like matching, sequencing, and simple puzzles in a colorful and interactive format that keeps learners engaged.
521 8 _a200
_bLexile estimate
521 8 _aE
_bRaz-Plus
650 _aThinking skills
_vEarly learning
_xLogic games
942 _2ddc
_cBK
_n0
999 _c7554
_d7554